Crown cases reserved for consideration, and decided by the Twelve judges of England, from the year 1799 to the year 1824. / (Record no. 187899)
[ view plain ]
| 000 -LEADER | |
|---|---|
| fixed length control field | 00956cam6a220021700 4500 |
| 001 - CONTROL NUMBER | |
| control field | qce00171159 |
| 005 - DATE AND TIME OF LATEST TRANSACTION | |
| control field | 20190830110121.0 |
| 008 - FIXED-LENGTH DATA ELEMENTS--GENERAL INFORMATION | |
| fixed length control field | 780720s1825 enk 000 0 eng |
| 010 ## - LIBRARY OF CONGRESS CONTROL NUMBER | |
| LC control number | 19013432 |
| 035 ## - SYSTEM CONTROL NUMBER | |
| System control number | (Sirsi) r69383 |
| 035 ## - SYSTEM CONTROL NUMBER | |
| System control number | (QCAT)lss02030079 |
| 035 ## - SYSTEM CONTROL NUMBER | |
| System control number | (UPRA)qce00171159 |
| 040 ## - CATALOGING SOURCE | |
| Modifying agency | UPRA |
| 110 1# - MAIN ENTRY--CORPORATE NAME | |
| Subordinate unit | Court for Crown Cases Reserved. |
| Linkage | A30539.1 |
| 245 10 - TITLE STATEMENT | |
| Title | Crown cases reserved for consideration, and decided by the Twelve judges of England, from the year 1799 to the year 1824. / |
| Statement of responsibility, etc. | by William Oldnall Russell and Edward Ryan. |
| 260 ## - PUBLICATION, DISTRIBUTION, ETC. | |
| Place of publication, distribution, etc. | London : |
| Name of publisher, distributor, etc. | J. Butterworth and son, |
| Date of publication, distribution, etc. | 1825. |
| 700 1# - ADDED ENTRY--PERSONAL NAME | |
| Personal name | Russell, William Oldnall, Sir, 1785-1833. |
| Titles and other words associated with a name | Russell, William Oldnall, Sir, 1785-1833. |
| Dates associated with a name | Russell, William Oldnall, Sir, 1785-1833. |
| Linkage | A30540.1 |
| 700 1# - ADDED ENTRY--PERSONAL NAME | |
| Personal name | Ryan, Edward, Sir, 1793-1875. |
| Titles and other words associated with a name | Ryan, Edward, Sir, 1793-1875. |
| Dates associated with a name | Ryan, Edward, Sir, 1793-1875. |
| Linkage | A30541.1 |
| 949 ## - LOCAL PROCESSING INFORMATION (OCLC) | |
| a | KD7 |
| w | lcc |
| i | -93884 |
| m | MAIN |
| t | BOOK |
| l | ON-SHELF |
No items available.